<?xml version="1.0" encoding="UTF-8"?>
<record
    xmlns:xsi="http://www.w3.org/2001/XMLSchema-instance"
    xsi:schemaLocation="http://www.loc.gov/MARC21/slim http://www.loc.gov/standards/marcxml/schema/MARC21slim.xsd"
    xmlns="http://www.loc.gov/MARC21/slim">

  <leader>00665nam a22001577a 4500</leader>
  <controlfield tag="003">OSt</controlfield>
  <controlfield tag="005">20150923161018.0</controlfield>
  <controlfield tag="008">150923b        xxu||||| |||| 00| 0 eng d</controlfield>
  <datafield tag="040" ind1=" " ind2=" ">
    <subfield code="c">RUA</subfield>
  </datafield>
  <datafield tag="082" ind1=" " ind2=" ">
    <subfield code="a">AGR PHA 2011 B049 Or.1</subfield>
  </datafield>
  <datafield tag="100" ind1=" " ind2=" ">
    <subfield code="9">1215</subfield>
    <subfield code="a">PHAN, SOHPEAP.</subfield>
  </datafield>
  <datafield tag="245" ind1=" " ind2=" ">
    <subfield code="a">Camparison of different substat ingredient for straw mushroom &#x1780;&#x17B6;&#x179A;&#x1794;&#x17D2;&#x179A;&#x17C0;&#x1794;&#x1792;&#x17C0;&#x1794;&#x179F;&#x1798;&#x17B6;&#x179F;&#x1797;&#x17B6;&#x1796;&#x1795;&#x17D2;&#x179F;&#x17C6;&#x179F;&#x1798;&#x17D2;&#x179A;&#x17B6;&#x1794;&#x17CB;&#x1792;&#x17D2;&#x179C;&#x17BE;&#x1785;&#x17B6;&#x17A0;&#x17BD;&#x1799; &#x1793;&#x17B7;&#x1784;&#x179F;&#x1798;&#x17B6;&#x179F;&#x1797;&#x17B6;&#x1796;&#x1795;&#x17D2;&#x179F;&#x17C1;&#x1784;&#x17D7;&#x1782;&#x17D2;&#x1793;&#x17B6;&#x179B;&#x17BE;&#x1780;&#x17B6;&#x179A;&#x1794;&#x178E;&#x17D2;&#x178F;&#x17BB;&#x17C7;&#x1795;&#x17D2;&#x179F;&#x17B7;&#x178F;&#x1785;&#x17C6;&#x1794;&#x17BE;&#x1784;</subfield>
  </datafield>
  <datafield tag="260" ind1=" " ind2=" ">
    <subfield code="a">Phnom Penh</subfield>
    <subfield code="b">RUA</subfield>
    <subfield code="c">2011</subfield>
  </datafield>
  <datafield tag="300" ind1=" " ind2=" ">
    <subfield code="a">ix, 35p.</subfield>
    <subfield code="b">ill.</subfield>
    <subfield code="c">29cm.</subfield>
  </datafield>
  <datafield tag="942" ind1=" " ind2=" ">
    <subfield code="2">ddc</subfield>
    <subfield code="c">AGR</subfield>
  </datafield>
  <datafield tag="999" ind1=" " ind2=" ">
    <subfield code="c">1159</subfield>
    <subfield code="d">1159</subfield>
  </datafield>
  <datafield tag="952" ind1=" " ind2=" ">
    <subfield code="0">0</subfield>
    <subfield code="1">0</subfield>
    <subfield code="2">ddc</subfield>
    <subfield code="4">0</subfield>
    <subfield code="6">AGR_PHA_2011_000000000000000_B049_OR_1</subfield>
    <subfield code="7">0</subfield>
    <subfield code="9">4757</subfield>
    <subfield code="a">LBB</subfield>
    <subfield code="b">LBB</subfield>
    <subfield code="c">B049</subfield>
    <subfield code="d">2015-09-23</subfield>
    <subfield code="l">3</subfield>
    <subfield code="o">AGR PHA 2011 B049 Or.1</subfield>
    <subfield code="p">RUA006836</subfield>
    <subfield code="r">2019-10-21</subfield>
    <subfield code="s">2019-10-04</subfield>
    <subfield code="w">2015-09-23</subfield>
    <subfield code="y">AGR</subfield>
  </datafield>
  <datafield tag="952" ind1=" " ind2=" ">
    <subfield code="0">0</subfield>
    <subfield code="1">0</subfield>
    <subfield code="2">ddc</subfield>
    <subfield code="4">0</subfield>
    <subfield code="6">AGR_PHA_2011_000000000000000_B049_OR_2</subfield>
    <subfield code="7">0</subfield>
    <subfield code="9">4758</subfield>
    <subfield code="a">LBB</subfield>
    <subfield code="b">LBB</subfield>
    <subfield code="c">B049</subfield>
    <subfield code="d">2015-09-23</subfield>
    <subfield code="l">3</subfield>
    <subfield code="o">AGR PHA 2011 B049 Or.2</subfield>
    <subfield code="p">RUA006548</subfield>
    <subfield code="r">2025-06-19</subfield>
    <subfield code="s">2025-06-04</subfield>
    <subfield code="w">2015-09-23</subfield>
    <subfield code="y">AGR</subfield>
  </datafield>
  <datafield tag="952" ind1=" " ind2=" ">
    <subfield code="0">0</subfield>
    <subfield code="1">0</subfield>
    <subfield code="2">ddc</subfield>
    <subfield code="4">0</subfield>
    <subfield code="6">AGR_PHA_2011_000000000000000_B049_OR_3</subfield>
    <subfield code="7">0</subfield>
    <subfield code="9">4759</subfield>
    <subfield code="a">LBB</subfield>
    <subfield code="b">LBB</subfield>
    <subfield code="c">B049</subfield>
    <subfield code="d">2015-09-23</subfield>
    <subfield code="l">1</subfield>
    <subfield code="o">AGR PHA 2011 B049 Or.3</subfield>
    <subfield code="p">RUA006406</subfield>
    <subfield code="r">2016-10-07</subfield>
    <subfield code="s">2016-09-16</subfield>
    <subfield code="w">2015-09-23</subfield>
    <subfield code="y">AGR</subfield>
  </datafield>
  <datafield tag="952" ind1=" " ind2=" ">
    <subfield code="0">0</subfield>
    <subfield code="1">0</subfield>
    <subfield code="2">ddc</subfield>
    <subfield code="4">0</subfield>
    <subfield code="6">AGR_PHA_2011_000000000000000_B049_OR_4</subfield>
    <subfield code="7">0</subfield>
    <subfield code="9">4760</subfield>
    <subfield code="a">LBB</subfield>
    <subfield code="b">LBB</subfield>
    <subfield code="c">B049</subfield>
    <subfield code="d">2015-09-23</subfield>
    <subfield code="o">AGR PHA 2011 B049 Or.4</subfield>
    <subfield code="p">RUA006909</subfield>
    <subfield code="r">2015-09-23</subfield>
    <subfield code="w">2015-09-23</subfield>
    <subfield code="y">AGR</subfield>
  </datafield>
  <datafield tag="952" ind1=" " ind2=" ">
    <subfield code="0">0</subfield>
    <subfield code="1">0</subfield>
    <subfield code="2">ddc</subfield>
    <subfield code="4">0</subfield>
    <subfield code="6">AGR_PHA_2011_000000000000000_B049_OR_5</subfield>
    <subfield code="7">0</subfield>
    <subfield code="9">4761</subfield>
    <subfield code="a">LBB</subfield>
    <subfield code="b">LBB</subfield>
    <subfield code="c">B049</subfield>
    <subfield code="d">2015-09-23</subfield>
    <subfield code="l">3</subfield>
    <subfield code="o">AGR PHA 2011 B049 Or.5</subfield>
    <subfield code="p">RUA006403</subfield>
    <subfield code="r">2018-01-23</subfield>
    <subfield code="s">2017-12-08</subfield>
    <subfield code="w">2015-09-23</subfield>
    <subfield code="y">AGR</subfield>
  </datafield>
  <datafield tag="952" ind1=" " ind2=" ">
    <subfield code="0">0</subfield>
    <subfield code="1">0</subfield>
    <subfield code="2">ddc</subfield>
    <subfield code="4">0</subfield>
    <subfield code="6">AGR_PHA_2011_000000000000000_B049_OR_6</subfield>
    <subfield code="7">0</subfield>
    <subfield code="9">4762</subfield>
    <subfield code="a">LBB</subfield>
    <subfield code="b">LBB</subfield>
    <subfield code="c">B049</subfield>
    <subfield code="d">2015-09-23</subfield>
    <subfield code="l">3</subfield>
    <subfield code="o">AGR PHA 2011 B049 Or.6</subfield>
    <subfield code="p">RUA006090</subfield>
    <subfield code="r">2016-07-19</subfield>
    <subfield code="s">2016-07-08</subfield>
    <subfield code="w">2015-09-23</subfield>
    <subfield code="y">AGR</subfield>
  </datafield>
</record>
